| 000 | 02115nam a2200457 i 4500 | ||
|---|---|---|---|
| 003 | CO-BoRNBP | ||
| 005 | 20230418163438.0 | ||
| 007 | ta | ||
| 008 | 220922s2022 ck ao e 000 0dspa d | ||
| 020 |
_a9786287542006 _q(Obra completa) |
||
| 020 |
_a9786287542013 _q(volumen 1) |
||
| 020 |
_a9786287542020 _q(volumen 2) |
||
| 020 |
_a9786287542037 _q(volumen 3) |
||
| 020 |
_a9786287542044 _q(volumen 4) |
||
| 020 |
_a9786287542051 _q(volumen 5) |
||
| 020 |
_a9786287542068 _q(volumen 6) |
||
| 040 |
_aCO-BoBN _bspa _erda _cCO-BoBN |
||
| 043 | _as-ck--- | ||
| 082 | 0 | 4 |
_a923.1861 _bC65j _222 |
| 110 | 1 |
_aColombia _bPresidencia de la República _9247 |
|
| 245 | 1 | 0 |
_aJulio César Turbay Ayala _cPresidencia de la República de Colombia ; coordinación editorial Juan David Giraldo Segura ; selección de textos Alberto Pérez López |
| 250 | _aPrimera edición | ||
| 264 | 1 |
_aBogotá, Colombia _bVillegas Editores _c2022 |
|
| 300 |
_a1 caja (6 volumenes) _bilustraciones, fotografías en blanco y negro _c24 cm |
||
| 336 |
_atexto _btxt _2rdacontent |
||
| 337 |
_asin mediación _bn _2rdamedia |
||
| 338 |
_avolumen _bnc _2rdacarrier |
||
| 500 | _aEdición conmemorativa al primer centenario 1926-2016 | ||
| 500 | _aEl bolsillo y la fecha correspondientes a la obra, se encuentran en el primer volumen | ||
| 504 | _aIncluye referencias bibliográficas | ||
| 505 | 0 |
_gVolumen 1. _tDimensión humana -- _gVolumen 2. _tEl camino político -- _gVolumen 3. _tSu presidencia -- _gVolumen 4. _tTarea internacional -- _gVolumen 5. _tNotas biográficas -- _gVolumen 6. _tEl expresidente |
|
| 521 | _aRecomendado para un público adulto | ||
| 545 | _aIncluye datos biográficos | ||
| 600 | 1 | 4 |
_aTurbay Ayala, Julio Cesar _d1916-2005 _xBiografías _91377 |
| 650 | 1 | 7 |
_aPresidentes _xColección de escritos _zColombia _ySiglo XX _2LEMB _91378 |
| 650 | 1 | 7 |
_aPolíticos colombianos _ySiglo XX _2LEMB _91379 |
| 650 | 1 | 7 |
_aDiplomáticos _zColombia _ySiglo XX _2LEMB _91380 |
| 700 | 1 |
_aGiraldo Segura, Juan David _ecoordinador editorial _91381 |
|
| 700 | 1 |
_aPérez López, Alberto _eselección de textos _91382 |
|
| 942 |
_2ddc _cBK |
||
| 999 |
_c9414 _d9414 |
||